00801cam a22002054a 4500020001800000082001700018100002200035245007700057260005800134300003100192650001800223650001900241650002100260856005800281856006800339856006800407942000700475952009600482999001700578 a978014303252600a303.372bBOR1 aBornstein, David.10aHow to change the world: Social entrepreneurs and the power of new Ideas aOxford ;aNew York :bOxford University Press,c2004. axi, 320 p. :bill., maps ; 0aSocial action 0aSocial service 0aSocial reformers41uhttp://www.loc.gov/catdir/toc/ecip044/2003011008.html42uhttp://www.loc.gov/catdir/enhancements/fy0614/2003011008-d.html42uhttp://www.loc.gov/catdir/enhancements/fy0726/2003011008-b.html cBK 00104070aHMIbHMIcGENd2018-06-20l0o303.372 BORp11002447r2026-01-16w2026-01-16yBK c21129d21129